| 000 | 01351nam a2200277Ia 4500 | ||
|---|---|---|---|
| 999 |
_c34829 _d34829 |
||
| 001 | 640 | ||
| 003 | GE_BSU | ||
| 005 | 20190514164333.0 | ||
| 008 | 181216s2009||||ge |||||||||||||| ||geo|| | ||
| 020 | _a978994140948 | ||
| 040 | _cGE_BSU | ||
| 041 | _ageo | ||
| 080 | _a575.16(075.8) ლ-31 | ||
| 100 |
_aლომთათიძე, ნ. _91126 |
||
| 245 |
_aონტოგენეტიკა : _bსახელმძღვ. ბიოლ. სპეც. სტუდ. / _cნინო ლომთათიძე, ნანა ზარნაძე, ნარგიზ ალასანია ; [რედ.: ა. დიასამიძე, ქ. დოლიძე |
||
| 264 |
_aბათუმი : _bშოთა რუსთაველის სახელმწ. უნ-ტის გამ-ბა, _c2009. |
||
| 300 |
_a226 გვ.: _bნახ. ; _c20სმ. |
||
| 504 | _a ბიბლიოგრ.: გვ. 222-223. | ||
| 541 | _h7 ლ. | ||
| 653 | _aონტოგენეტიკა | ||
| 700 |
_aზარნაძე, ნანა _eავტორი _91127 |
||
| 700 |
_aალასანია, ნარგიზ _eავტორი _91128 |
||
| 700 |
_aდიასამიძე, ა. _eრედაქტორი _91129 |
||
| 700 |
_aდოლიძე, ქ. _eრედაქტორი _91130 |
||
| 942 |
_cBK _2udc |
||